| 000 | 00709nam a2200205 i 4500 | ||
|---|---|---|---|
| 001 | 183834 | ||
| 003 | ES-MaACL | ||
| 005 | 20250603183319.0 | ||
| 008 | 141022s1887 sp |||| | spa d | ||
| 080 | _a355.351(460) | ||
| 080 | _a355.02(460)"1885/1902" | ||
| 100 | 1 |
_aVidart, Luis, _d1833-1897 _9114538 |
|
| 245 | 1 | 4 |
_aLas reformas militares / _cpor Luis Vidart ; y una carta dirigida al autor por Augusto Suárez de Figueroa. |
| 260 |
_aMadrid : _b[s.n.], _c1887. |
||
| 650 | 4 |
_aEjército- _zEspaña- _yS.XIX. _9166099 |
|
| 651 | 7 |
_aEspaña- _xPolítica militar- _yS.XIX _2 _9168941 |
|
| 700 | 1 |
_aSuárez de Figueroa, Augusto. _9108603 |
|
| 852 |
_aES-MaACL _jT-605-F-2 |
||
| 999 |
_c183834 _d183834 |
||